Infierno de cielo : y antes y después

Bibliographic Details
Main Author: Martínez Rivas, Carlos
Format: Section = Libro
Language:Undetermined
Spanish
Published: Managua Patrimonio Cultural 1999
Subjects:
LEADER 00515nam a2200193Ia 4500
008 240829s9999 xx 000 0 und d
020 |a 99924-30-06-0 
040 |a BIBLIOTECA-RUSB/ Ref 861.44 M385 
041 |a spa 
082 |a Ref 861.44 M385 
100 1 |a Martínez Rivas, Carlos 
245 1 0 |a Infierno de cielo : y antes y después 
260 |a Managua  |b Patrimonio Cultural  |c 1999 
300 |a 120 p. :il. 
650 7 |a POESIA 
650 7 |b  NICARAGUENSE-SIGLO XX 
942 |c BK  |2 ddc 
991 |a TEXTO 
999 |c 6681